Socaire y el capitán loco / (Registro nro. 58443)

Detalles MARC
000 -CABECERA
Longitud fija campo de control 00875cam#a2200301#a 4500
003 - • IDENTIFICADOR DELl NÚMERO DE CONTROL
Identificador del número de control CO-BoRNBP
005 - • FECHA Y HORA DE LA ÚLTIMA TRANSACCIÓN
Fecha y hora de la última transacción 20250822195018.0
007 - • CAMPO FIJO DE DESCRIPCIÓN FÍSICA
Campo fijo de descripción física ta
008 - • CÓDIGOS DE INFORMACIÓN DE LONGITUD FIJA
Códigos de información de longitud fija 051121s1998 ck a gr 000 j spakd
020 ## - • NÚMERO INTERNACIONAL NORMALIZADO PARA LIBROS
Número Internacional Normalizado para Libros (ISBN) 9583003018
040 ## - FUENTE DE LA CATALOGACIÓN
Centro catalogador de origen CO-ArBCA
Lengua de catalogación spa
Centro modificado CO-BoBN
Centro transcriptor -
082 04 - • NÚMERO DE LA CLASIFICACIÓN DECIMAL DEWEY
Número de clasificación (R) Co863.44
Número de edición 23
084 ## - • Clasificación Local Alfanúmerica PNLB
Número de clasificación -
092 ## - NÚMERO DE TELÉFONO LOCAL
Número de clasificación Verde L925s1
100 1# - • PUNTO DE ACCESO PRINCIPAL-NOMBRE DE PERSONA
Nombre de persona Lozano Riveros, Pilar,
Fechas asociadas al nombre 1951-
245 10 - • TITULO PROPIAMENTE DICHO
Título Socaire y el capitán loco /
Mención de responsabilidad, etc. Pilar Lozano ; Ilustraciones de Henry González
250 ## - • MENCIÓN DE EDICIÓN
Mención de edición 1a. edición
300 ## - • DESCRIPCIÓN FÍSICA
Extensión 85 p. :
Otras características físicas il.
336 ## - TIPO DE CONTENIDO
Fuente rdacontent
Término de tipo de contenido texto
Código de tipo de contenido txt
337 ## - TIPO DE MEDIO
Fuente rdamedia
Nombre del tipo de medio sin mediación
Código del tipo de medio n
338 ## - TIPO DE SOPORTE
Fuente rdacarrier
Nombre del tipo de soporte volumen
Código del tipo de soporte nc
490 0# - • MENCIÓN DE SERIE
Mención de serie Corcel
650 14 - • PUNTO DE ACCESO ADICIONAL DE MATERIA - TÉRMINO DE MATERIA
Término de materia o nombre geográfico como elemento inicial Cuentos colombianos
Subdivisión cronológica Siglo XX
Fuente del encabezamiento o término LEMB
650 14 - • PUNTO DE ACCESO ADICIONAL DE MATERIA - TÉRMINO DE MATERIA
Término de materia o nombre geográfico como elemento inicial Cuentos infantiles colombianos
Fuente del encabezamiento o término LEMB
700 1# - • PUNTO DE ACCESO ADICIONAL - NOMBRE DE PERSONA
Nombre de persona González Torres, Henry Javier
Término indicativo de función il.
942 ## - ENTRADA DE ELEMENTOS AGREGADOS (KOHA)
Fuente de clasificaión o esquema Dewey Decimal Classification
Koha [por defecto] tipo de item LIbro
Existencias
Perdido Fuente de clasificación o esquema Estado Físico No para préstamo Forma de adquisición Localización permanente Localización actual Localización en estanterías Fecha adquisición Préstamos totales Signatura completa Código de barras Fecha última consulta Número de copia Fecha del precio de reemplazo Tipo de item de Koha Fuente de adquisición
  Clasificación Local Facetada     Infantil Biblioteca Pública Fuentedeoro - Henry Llanos García Biblioteca Pública Fuentedeoro - Henry Llanos García Sala Infantil 08/22/2025   C LOZ1 Fo02653 08/22/2025 Ej.1 08/22/2025 Libro Infantil  
  Dewey Decimal Classification     Literatura General Biblioteca Pública Granada - Boca del Monte Biblioteca Pública Granada - Boca del Monte Literatura 05/12/2026   C- LOZ GRDA08156 05/12/2026 Ej.1 05/12/2026 LIbro BIBLIOTECA NACIONAL DE COLOMBIA









Instituto Departamental de Cultura del Meta - Red Departamental de Bibliotecas Públicas del Meta.